Paradise lost
Gespeichert in:
| 1. Verfasser: | |
|---|---|
| Format: | Buch |
| Sprache: | Englisch |
| Veröffentlicht: |
Londres
Penguin Books
1989
|
| Schriftenreihe: | Penguin Classics
|
| Schlagworte: | |
| Tags: |
Tag hinzufügen
Keine Tags, Fügen Sie den ersten Tag hinzu!
|
MARC
| LEADER | 00000nam a2200000 a 4500 | ||
|---|---|---|---|
| 001 | UCX3316 | ||
| 003 | CL-VaPUC | ||
| 008 | 911024e19890000UK |||||||||||||||||eng|d | ||
| 082 | 0 | 4 | |a 821 |b MIL |2 21 |
| 100 | |a Milton, John |e autor |9 337433 | ||
| 245 | 1 | 0 | |a Paradise lost |
| 300 | |a 297 p | ||
| 942 | |c BK | ||
| 945 | |d 19911024 00:00:00 | ||
| 260 | |a Londres |b Penguin Books |c 1989 | ||
| 650 | 0 | |a Poesías inglesas |9 265094 | |
| 583 | |a last modification |c 20120708 11:11:27 |k Rodrigo Vera | ||
| 490 | 0 | |a Penguin Classics | |
| 999 | |c 224112 |d 224110 | ||
| 952 | |0 0 |1 0 |4 0 |6 821_000000000000000_MIL_1989 |7 0 |8 A |9 220513 |a BIBEDU |b BIBEDU |d 2019-11-15 |i 2892197 |l 1 |o 821 MIL 1989 |p 2892197 |r 2025-04-24 |s 2025-04-23 |w 2019-11-15 |y BK |k LIT | ||